000 00645na a2200229 4500
001 24056
003 MIRAKIL
005 20181213155329.0
008 180419b tu 000 0
040 _aMilas
_btur
_cTR-AnCHP
041 _atur
082 _a320.53
_bE75s [t.y.]
090 _a320.53 E75s [t.y.]
100 _aEtiker, Erhan
245 _aSoljenitsin dosyası
_cErhan Etiker
260 _aİstanbul
_bÖzgür yayınları
_c[t.y.]
300 _a203 s.
_c20 sm.
504 _aKaynakça var.
600 _aSoljenistin, Aleksandr İsayeviç
_d1918-2008
_xRus yazar
650 _aSiyasal ideolojiler
_xSosyalizm
942 _2ddc
_cBKS
999 _c10650
_d10650